L'Exposition des Beaux Arts (Salon de 1882) (Record no. 53528)
[ view plain ]
| 000 -LEADER | |
|---|---|
| campo de control de longitud fija | 00544nam a2200157 i 4500 |
| 001 - NÚMERO DE CONTROL | |
| campo de control | 53528 |
| 003 - IDENTIFICADOR DE NÚMERO DE CONTROL | |
| campo de control | ES-MaACL |
| 005 - FECHA Y HORA DE LA ÚLTIMA TRANSACCIÓN | |
| campo de control | 20230906162801.0 |
| 007 - CAMPO FIJO DE DESCRIPCIÓN FÍSICA--INFORMACIÓN GENERAL | |
| campo de control de longitud fija | t| |
| 008 - DATOS DE LONGITUD FIJA--INFORMACIÓN GENERAL | |
| campo de control de longitud fija | 031031s1882 fr ||||1| fre d |
| 111 2# - ENTRADA PRINCIPAL--NOMBRE DE CONGRESO/REUNIÓN | |
| Nombre de congreso/reunión o jurisdicción como elemento de entrada | Exposition des Beaux Arts ( |
| Fecha del congreso o de la firma del tratado | 1882. |
| Sede del congreso/Lugar de la reunión | Paris) |
| 9 (RLIN) | 715 |
| 245 12 - MENCIÓN DEL TÍTULO | |
| Título | L'Exposition des Beaux Arts (Salon de 1882) |
| Resto del título | : comprenant 40 planches et photogravures. |
| 260 ## - PUBLICACIÓN, DISTRIBUCIÓN, ETC. | |
| Lugar de publicación, distribución, etc. | Paris : |
| Nombre del editor, distribuidor, etc. | Librairie d'artt Ludovic Baschet, |
| Fecha de publicación, distribución, etc. | 1882 ( |
| Fabricante | Imp. Bernard) |
| 300 ## - DESCRIPCIÓN FÍSICA | |
| Extensión | XII, 319 p., [40] h. de lám. : |
| Otras características físicas | il. ; |
| Dimensiones | 27 cm. |
| 852 ## - LOCALIZACIÓN | |
| Ubicación | ES-MaACL |
| Número de control de estantería | F-10161 |
| Estatus retirado | Estado de pérdida | Estado de daño | No para préstamo | Colección | Biblioteca de origen | Biblioteca actual | Ubicación en estantería | Fecha de adquisición | Fuente de adquisición | Total de préstamos | Signatura topográfica completa | Código de barras | Visto por última vez | Precio de reemplazo | Tipo de ítem Koha |
|---|---|---|---|---|---|---|---|---|---|---|---|---|---|---|---|
| Libros del s. XIX | Biblioteca del Ateneo de Madrid | Biblioteca del Ateneo de Madrid | Sala Pecera Planta 2 | 17/01/2008 | F-10161 | 1056248 | 23/02/2023 | 23/02/2023 | Libro impreso antiguo |
